| Registos Bibliográficos associados ao registo de autoridade |
|
Etiqueta de registo: 00254nam 2200025 450 001 2286099 003 http://id.bnportugal.gov.pt/bib/catbnp/2286099 021 ## $aPT$b558789/26 100 ## $a20260511d2026 m d0pory01030103ba 101 0# $apor 102 ## $aPT 105 ## $aa b 000zy 106 ## $ar 200 1# $aMelo e a aldeia eterna de Vergílio Ferreira$eroteiro literário$ftextos Jorge Ferreira, Jorge Costa Lopes 210 #9 $aGouveia$cMunicípio de Gouveia$d2026 215 ## $a99, [1] p.$cil.$d23 cm 675 ## $a908(469.311)(081)$vBN$zpor$32000685 675 ## $a821.134.3-82"19"$vBN$zpor$3429156 675 ## $a821.134.3Ferreira, Vergílio.09$vBN$zpor$31051130 700 #1 $922$aFerreira,$bJorge$31998088 701 #1 $aLopes,$bJorge Costa,$f1966-$4070$31467077 801 #0 $aPT$bBN$gRPC 856 41 $uhttp://rnod.bnportugal.gov.pt/ImagesBN/winlibimg.aspx?skey=&doc=2286099&img=223433&save=true 900 ## $aBIBNAC$d20260624 966 ## $lBN$mFGMON$sH.G. 89258 V.$x1 966 ## $lBN$mFGMON$sH.G. 89258 V.-D$x1 971 ## $casantos$d20260511 973 ## $cigoulao$d20260616 975 ## $e0$d20260624$viquintas
|
|
|